Statistiken für Top 15 der betroffenen Covid-19-Länder - 25. August 2021

Klicken Sie hier um das Quiz zu spielen!

Allgemein

  • Dieses Quiz wurde 15 mal gespielt
  • Das Durchschnittsergebnis liegt bei 15 aus 26

Antwortstatistiken

Land% Korrekt
Deutschland
93%
Frankreich
93%
Spanien
93%
Vereinigtes Königreich
93%
Vereinigte Staaten
93%
Indien
87%
Mexiko
87%
Russland
87%
Brasilien
80%
Italien
80%
Argentinien
73%
Niederlande
73%
Schweden
73%
Indonesien
53%
Tschechien
53%
Türkei
53%
Iran
40%
Kolumbien
40%
Estland
27%
Slowenien
27%
Israel
20%
Panama
20%
Uruguay
13%
Bahrain
7%
Georgien
7%
Litauen
7%

Verteilung der Resultate

Perzentil nach korrekt beantworteten Fragen

Anzahl Personen mit jedem Resultat

Ihre Resultats-Entwicklung

Sie haben dieses Quiz noch nicht gespielt